chanson triste, Yoa paroles - Statistiques

Statistiques générales
  • Ce quiz a été pris 32 fois
  • Le résultat moyen est 223 sur 312
Statistiques - réponses
Réponse % Correct
je
90%
Je
90%
(je
90%
a
85%
à
85%
dans
85%
la
85%
le
85%
ma
85%
me
85%
s'en
85%
sens
85%
sens...
85%
seule
85%
soir,
85%
ce
80%
chambre
80%
de
80%
des
80%
en
80%
En
80%
(en
80%
Et
80%
et
80%
J'ai
80%
Parfois
80%
pas
80%
que
80%
qui
80%
sur
80%
Sur
80%
au
75%
ça
75%
Ça
75%
ça)
75%
c'est
75%
fait
75%
il
75%
(il
75%
les
75%
Les
75%
mes
75%
moi
75%
moi,
75%
moi)
75%
on
75%
On
75%
plus
75%
pour
75%
quand
75%
Quand
75%
te
75%
tu
75%
Tu
75%
aimant
70%
aussi
70%
Bertrand
70%
calmer
70%
celles
70%
Celles
70%
C'que
70%
c'que
70%
(c'que
70%
encore
70%
enfermée
70%
films
70%
fois,
70%
fois
70%
Instagram
70%
internet,
70%
internet
70%
j'aime
70%
J'me
70%
l'amour
70%
Latinas
70%
Latinas)
70%
meufs
70%
ou
70%
sucent
70%
suis
70%
téléphone
70%
tête
70%
toi
70%
(toi
70%
tout
70%
Tout
70%
voir
70%
y
70%
ailleurs
65%
allé
65%
Auprès
65%
c'qu'il
65%
d'âme
65%
désolée
65%
d'état
65%
droit
65%
65%
du
65%
elle
65%
est
65%
homme
65%
intégré
65%
J'emmerde
65%
j'fais
65%
j'préfère
65%
J't'appelle,
65%
j't'appelle
65%
jusqu'à
65%
l'font
65%
l'heure
65%
loin
65%
mais
65%
même
65%
muscler
65%
(non)
65%
pleurer
65%
Pornhub
65%
pouces
65%
regardent
65%
repense
65%
réponds
65%
robe
65%
sert
65%
ses
65%
si
65%
t'aime,
65%
T'es
65%
Toutes
65%
un
65%
Une
65%
vais
65%
10
60%
bal,
60%
belle
60%
belle)
60%
celui
60%
crier
60%
dire
60%
douce
60%
endroit
60%
essayer
60%
J'baise
60%
J'contrôle
60%
J't'interdis
60%
l'oreiller
60%
mal
60%
mauvais
60%
m'chiffonnes
60%
m'fais
60%
nos
60%
ont
60%
(ouais)
60%
photos
60%
pute
60%
sale
60%
sans
60%
s'embrassait
60%
seules
60%
tendresse
60%
tours
60%
viens
60%
ailes
55%
ailes)
55%
air
55%
cacher
55%
coupé
55%
coupera
55%
d'un
55%
l'air
55%
misogyne
55%
monotone
55%
pédé
55%
sextapes
55%
traine
55%
Blier
50%
J'regarde
50%
l'ordi
50%
n'y
50%
qu'il
50%
t'agresse
50%
veut
45%
n'attendrie
40%
vois
40%
espéraient
35%
(espéraient
35%
net)
30%
Aucun quiz correspondant
Distribution des résultats
% des personnes avec chaque résultat
Percentile par nombre de réponses
Votre historique - résultats
Vous n’avez pas pris ce quiz